Normal view
MARC view
Entry Topical Term
001 - CONTROL NUMBER
- control field: 1480
003 - CONTROL NUMBER IDENTIFIER
- control field: BD-RjUL
005 - DATE AND TIME OF LATEST TRANSACTION
- control field: 20220220105532.0
008 - FIXED-LENGTH DATA ELEMENTS
- fixed length control field: 220220|| aca||aabn | a|a d
040 ## - CATALOGING SOURCE
- Original cataloging agency: BD-RjUL
- Transcribing agency: BD-RjUL
150 ## - HEADING--TOPICAL TERM
- Topical term or geographic name entry element: Sufism
- Form subdivision: Prayers and devotions
- Form subdivision: Early works to 1800
670 ## - SOURCE DATA FOUND
- Source citation: Work cat.: (BD-RjUL)79423: الجيلانى، عبد القادر بن عبد الله ;; al-Jīlānī, Abd al-Qādir 651-470 هج مؤلف 1479, فتوح الغيب / ;; Futūḥ al-ghayb /